000 00822nam a22002777a 4500
001 BR8707560
003 BR-BrBNA
005 20230928092752.0
007 ta
008 230509b bl.||||| |||| 00| 0 por d
040 _aBR-BrBNA
_bpor
_cBiblioteca Nacional de Agricultura
041 _a(Por)
072 _aA50; E14
090 _ A50 BR8707560
100 1 _aCardoso, V.T.M.
110 1 _aEmpresa Catarinense de Pesquisa Agropecuaria S.A., Florianopolis, SC (Brasil)
245 1 _aRelatorio ano 10; 1985 [Empresa Catarinense de Pesquisa Agropecuaria S.A.]
260 3 _aFlorianopolis, SC (Brasil):
_c1986.
300 _a28 p.
500 _a18 illus.
650 _aPESQUISA AGRICOLA
650 _aDESENVOLVIMENTO AGRICOLA
650 _aSANTA CATARINA
909 _a202309
_bLucia
_c55
_dLucia Elande
942 _cBK
999 _c41084
_d41084